| 000 | 00979nam a2200229Ii 4500 | ||
|---|---|---|---|
| 003 | JO-AjNU | ||
| 008 | 230605s9999||||xx |||||||||||||| ||und|| | ||
| 017 | _a2018/5/2393 | ||
| 020 | _a978-9957-76-651-1 | ||
| 040 |
_aJO-AjNU _bara _erda _cJO-AjNU |
||
| 041 | _aara | ||
| 050 | 1 | 4 | _aHF5667.N37.2019 |
| 100 | 3 |
_a النصراوي، سلام عادل عباس، م.مشارك حسين هادي حسين عنيزة, _eauthor _961498 |
|
| 245 | 0 | 0 | _aمتغيرات البيئة المحلية والتوافق المحاسبي الدولي: (دراسة تحليلة وآلية مقترحة) |
| 250 | _aالطبعة الاولى | ||
| 264 | 3 | 1 | _aعمان: دار الرضوان للنشر والتوزيع، 2019 |
| 300 |
_a176ص _b ويحتوي على قائمة مراجع من ص169-ص176 |
||
| 336 |
_atext _btxt _2rdacontent |
||
| 337 |
_aunmediated _bn _2rdamedia |
||
| 338 |
_avolume _bnc _2rdacarrier |
||
| 650 | 4 |
_aالمحاسبة - تدقيق الحسابات _961499 |
|
| 999 |
_aA27801 _c31369 _d31369 |
||